| 000 | 00467nam a2200181Ia 4500 | ||
|---|---|---|---|
| 008 | 220726s9999||||xx |||||||||||||| ||und|| | ||
| 020 | _a9789389802337 | ||
| 082 | _a610 | ||
| 082 | _bJai/B | ||
| 100 | _aJain, Akhilesh k. & Mishra, Keerti | ||
| 245 | 0 | _aJain-Biopharmaceutics and Pharmacokinetics (PCI) Sem- VI | |
| 250 | _a1st Edition | ||
| 260 | _aNew Delhi | ||
| 260 | _bNew Age International Publishers | ||
| 260 | _c2021 | ||
| 300 | _a144 | ||
| 942 | _cPB | ||
| 999 |
_c35963 _d35963 |
||